[Event "I Weekend Croce di Magara"]
[Site "Camigliatello - Spezzano della Sila ITA"]
[Date "2005.09.18"]
[Round "8"]
[White "Olivo, Paolo"]
[Black "Paragliola, Gennaro"]
[Result "0-1"]
[WhiteElo "1691"]
[BlackElo "1562"]
[PlyCount "106"]
[EventDate "2005.09.10"]

1. c4 g6 2. e4 d6 3. d4 Nf6 4. Nc3 Bg7 5. Be2 O-O 6. Be3 e5 7. d5 Nbd7 8. f4
exf4 9. Bxf4 Re8 10. Bf3 Nc5 11. Qc2 Bf5 12. Bg5 Ncxe4 13. Nxe4 Bxe4 14. Bxe4
Rxe4+ 15. Qxe4 Nxe4 16. Bxd8 Rxd8 17. Ne2 b6 18. O-O Bxb2 19. Rab1 Ba3 20. Rbd1
Bc5+ 21. Nd4 Nc3 22. Rd2 a5 23. g3 Re8 24. Kh1 Nxa2 25. Nb5 Nb4 26. Nxc7 Re4
27. Kg2 Rxc4 28. Re2 Rc2 29. Kf3 Rxe2 30. Kxe2 a4 31. Ra1 a3 32. Kd2 a2 33. Kc3
Kg7 34. Kc4 Bd4 35. Kxb4 Bxa1 36. Kb3 Bd4 37. Kxa2 Kh6 38. Kb3 Kg5 39. Kc4 Bc5
40. Kb5 Kf5 41. Kc6 h5 42. Nb5 Ke5 43. Nc3 g5 44. Na4 f5 45. Nb2 Ke4 46. Na4 f4
47. Nxc5+ bxc5 48. gxf4 gxf4 49. Kxd6 f3 50. Ke6 f2 51. d6 f1=Q 52. d7 Qh3+ 53.
Ke7 Qxd7+ 0-1

[Event "I Weekend Croce di Magara"]
[Site "Camigliatello - Spezzano della Sila ITA"]
[Date "2005.09.18"]
[Round "8"]
[White "Paletta, Giuseppe"]
[Black "Piccoli, Vincenzo"]
[Result "0-1"]
[WhiteElo "1715"]
[BlackElo "1655"]
[PlyCount "50"]
[EventDate "2005.09.10"]

1. d4 Nf6 2. c4 e6 3. Nc3 Bb4 4. Bg5 h6 5. Bxf6 Qxf6 6. e3 Nc6 7. Bd3 d5 8. c5
Bxc3+ 9. bxc3 O-O 10. Nf3 Re8 11. O-O e5 12. Be2 Bg4 13. Rb1 b6 14. dxe5 Nxe5
15. cxb6 axb6 16. Qxd5 Nxf3+ 17. Bxf3 Be6 18. Qxa8 Rxa8 19. Bxa8 Bxa2 20. Ra1
Bc4 21. Rfd1 Be2 22. Rdc1 c6 23. Ra6 Bxa6 24. e4 Qe6 25. f3 Qe8 0-1

[Event "I Weekend Croce di Magara"]
[Site "Camigliatello - Spezzano della Sila ITA"]
[Date "2005.09.18"]
[Round "8"]
[White "Parrotta, Daniele"]
[Black "Gangemi, Salvatore"]
[Result "1/2-1/2"]
[WhiteElo "2159"]
[BlackElo "2104"]
[PlyCount "41"]
[EventDate "2005.09.10"]

1. d4 Nf6 2. Bg5 Ne4 3. h4 c6 4. Nd2 Qa5 5. Ngf3 d5 6. c3 h6 7. Bf4 Nxd2 8.
Qxd2 Nd7 9. e3 Nf6 10. Bd3 Ne4 11. Qc2 Bf5 12. Nd2 Nxd2 13. Bxf5 Nc4 14. h5 e6
15. Bd3 Bd6 16. Bxd6 Nxd6 17. Rh4 Qc7 18. Rg4 f5 19. Rg6 Qe7 20. O-O-O Rf8 21.
f4 1/2-1/2

[Event "I Weekend Croce di Magara"]
[Site "Camigliatello - Spezzano della Sila ITA"]
[Date "2005.09.18"]
[Round "8"]
[White "Rametta, Marcello"]
[Black "Armentano, Alessio"]
[Result "0-1"]
[WhiteElo "1762"]
[BlackElo "2092"]
[PlyCount "70"]
[EventDate "2005.09.10"]

1. e4 c5 2. Nf3 d6 3. Be2 Nf6 4. Nc3 Nc6 5. h3 a6 6. d3 e6 7. a3 d5 8. exd5
exd5 9. O-O Bd6 10. Bg5 Be6 11. Re1 O-O 12. Nh2 h6 13. Bh4 Qc7 14. Ng4 Bxg4 15.
Bxg4 g5 16. Qf3 Kg7 17. Bg3 Bxg3 18. fxg3 Rad8 19. Re2 Nd4 20. Qf2 Nxg4 21.
hxg4 Nxe2+ 22. Nxe2 d4 23. Rf1 Qe5 24. Kh2 Rde8 25. Ng1 f6 26. Qf3 Rf7 27. Rf2
Qe3 28. Qf5 Re5 29. Re2 Rxf5 30. Rxe3 Rf2 31. Re2 Rxe2 32. Nxe2 Re7 33. Nc1 Re1
34. Nb3 b6 35. c3 Rb1 0-1

[Event "I Weekend Croce di Magara"]
[Site "Camigliatello - Spezzano della Sila ITA"]
[Date "2005.09.18"]
[Round "8"]
[White "Rizzuti, Pasquale"]
[Black "Salvo, Vincenzo"]
[Result "1/2-1/2"]
[WhiteElo "1874"]
[BlackElo "1682"]
[PlyCount "50"]
[EventDate "2005.09.10"]

1. c3 e5 2. d4 exd4 3. cxd4 Bb4+ 4. Nc3 d5 5. Nf3 Nf6 6. Bg5 h6 7. Bxf6 Qxf6 8.
a3 Bxc3+ 9. bxc3 O-O 10. g3 Re8 11. Bg2 Nc6 12. O-O Bg4 13. Re1 Re7 14. Rb1 b6
15. Rb5 Rae8 16. Rxd5 Bxf3 17. Re5 Bxg2 18. Rxe7 Qxe7 19. Kxg2 Qxa3 20. Qd3 Qb2
21. e4 Re6 22. Re2 Qa3 23. d5 Ne5 24. Qd4 Re8 25. f4 Qa6 1/2-1/2

[Event "C.to Europeo U18 femminile"]
[Site "Herceg Novi SCG"]
[Date "2005.09.14"]
[Round "1"]
[White "Padurariu, Ioana-Smaranda"]
[Black "Panella, Fiammetta"]
[Result "1-0"]
[WhiteElo "2197"]
[BlackElo "1922"]
[PlyCount "59"]
[EventDate "2005.09.14"]

1. e4 c5 2. Nc3 e6 3. f4 Nc6 4. Nf3 a6 5. d4 cxd4 6. Nxd4 Qc7 7. Nb3 d6 8. Be3
b5 9. Qf3 Bb7 10. Bd3 Nf6 11. O-O Be7 12. a3 O-O 13. Rfd1 Rfd8 14. h3 d5 15. e5
Nd7 16. Qf2 Rac8 17. Ne2 Na5 18. Nxa5 Qxa5 19. c3 Nc5 20. b4 Nxd3 21. Rxd3 Qa4
22. Bb6 Rd7 23. Nd4 Bd8 24. Bxd8 Rdxd8 25. Rg3 a5 26. f5 axb4 27. cxb4 Qa7 28.
Rd1 exf5 29. Qxf5 Rc6 30. Qg5 1-0

[Event "C.to Europeo U18 femminile"]
[Site "Herceg Novi SCG"]
[Date "2005.09.15"]
[Round "2"]
[White "Panella, Fiammetta"]
[Black "Machalova, Erika"]
[Result "1/2-1/2"]
[WhiteElo "1922"]
[BlackElo "2078"]
[PlyCount "55"]
[EventDate "2005.09.14"]

1. e4 c5 2. Nf3 d6 3. d4 cxd4 4. Nxd4 Nf6 5. Nc3 a6 6. f4 e6 7. Bd3 Be7 8. a4
b6 9. O-O Qc7 10. Nb3 Nbd7 11. Qe1 e5 12. Kh1 O-O 13. Bd2 Bb7 14. fxe5 Nxe5 15.
Qg3 Ng6 16. Nd4 Rfe8 17. Rae1 Nd7 18. Nf5 Nde5 19. h4 Nxd3 20. cxd3 Bf8 21. h5
Ne5 22. d4 Nc4 23. Nh6+ Kh8 24. Nxf7+ Kg8 25. Nh6+ Kh8 26. Nf7+ Kg8 27. Nh6+
Kh8 28. Nf7+ 1/2-1/2

[Event "C.to Europeo U18 femminile"]
[Site "Herceg Novi SCG"]
[Date "2005.09.16"]
[Round "3"]
[White "Zakoucka, Adela"]
[Black "Panella, Fiammetta"]
[Result "1/2-1/2"]
[WhiteElo "2031"]
[BlackElo "1922"]
[PlyCount "70"]
[EventDate "2005.09.14"]

1. e4 c5 2. c3 Nf6 3. e5 Nd5 4. d4 cxd4 5. Nf3 e6 6. cxd4 b6 7. Nc3 Nxc3 8.
bxc3 Qc7 9. Bd2 d6 10. Bd3 Bb7 11. O-O Nd7 12. Rb1 dxe5 13. Nxe5 Nxe5 14. dxe5
O-O-O 15. Bb5 Qxe5 16. c4 Qd4 17. Bg5 f6 18. Qxd4 Rxd4 19. Be3 Rd8 20. a4 Bc5
21. Bxc5 bxc5 22. a5 a6 23. Ba4 Rd4 24. Rb6 Rxc4 25. Bb3 Rb4 26. Bxe6+ Kc7 27.
Rb1 Rxb1+ 28. Rxb1 Rd8 29. Bc4 Rd4 30. Rc1 Rd6 31. f3 Bd5 32. Bf1 Rc6 33. Kf2
Bb3 34. Ke3 Ba4 35. Bd3 Kd6 1/2-1/2

[Event "C.to Europeo U18 femminile"]
[Site "Herceg Novi SCG"]
[Date "2005.09.17"]
[Round "4"]
[White "Panella, Fiammetta"]
[Black "Berke, Ana"]
[Result "1-0"]
[WhiteElo "1922"]
[BlackElo "2037"]
[PlyCount "72"]
[EventDate "2005.09.14"]

1. e4 c5 2. Nf3 Nc6 3. d4 cxd4 4. Nxd4 Nf6 5. Nc3 e5 6. Ndb5 d6 7. Bg5 a6 8.
Na3 b5 9. Nd5 Be7 10. Bxf6 Bxf6 11. c4 Nd4 12. cxb5 axb5 13. Nxb5 O-O 14. Nxd4
exd4 15. Bd3 Rb8 16. Qd2 Bb7 17. Nxf6+ Qxf6 18. O-O d5 19. Rfe1 dxe4 20. Bxe4
Rfd8 21. Bxb7 Rxb7 22. b4 Qd6 23. Rab1 d3 24. g3 Qd4 25. a4 Re7 26. Qb2 Qa7 27.
Rf1 Re2 28. Qc3 h6 29. Qc5 Qd7 30. b5 Rc8 31. Qb4 Rcc2 32. b6 Rb2 33. Qc5 Rbc2
34. Qb4 Qf5 35. b7 Rb2 36. b8=Q+ Kh7 1-0

[Event "C.to Europeo U18 femminile"]
[Site "Herceg Novi SCG"]
[Date "2005.09.18"]
[Round "5"]
[White "Kezele, Tamara"]
[Black "Panella, Fiammetta"]
[Result "1/2-1/2"]
[WhiteElo "1943"]
[BlackElo "1922"]
[PlyCount "60"]
[EventDate "2005.09.14"]

1. e4 c5 2. Nf3 e6 3. c3 Nf6 4. e5 Nd5 5. Bc4 d6 6. exd6 Bxd6 7. O-O O-O 8. Re1
Qc7 9. Na3 a6 10. Nc2 b5 11. Bf1 Bb7 12. d4 Nd7 13. g3 Rad8 14. Bg2 Rfe8 15.
Ng5 N7f6 16. Ne4 Nxe4 17. Bxe4 Nf6 18. Bxb7 Qxb7 19. Bg5 Be7 20. Qe2 cxd4 21.
Nxd4 h6 22. Bd2 Bc5 23. Nb3 Bb6 24. Be3 Bxe3 25. Qxe3 Rd5 26. Rad1 Red8 27. Qe2
Qd7 28. Rd4 Rxd4 29. Nxd4 Qd5 30. a3 Nd7 1/2-1/2

[Event "C.to Europeo U18 femminile"]
[Site "Herceg Novi SCG"]
[Date "2005.09.20"]
[Round "6"]
[White "Panella, Fiammetta"]
[Black "Raeva, Elitsa"]
[Result "0-1"]
[WhiteElo "1922"]
[BlackElo "2191"]
[PlyCount "76"]
[EventDate "2005.09.14"]

1. e4 c5 2. Nf3 Nc6 3. d4 cxd4 4. Nxd4 g6 5. c4 Bg7 6. Be3 Nf6 7. Nc3 O-O 8.
Be2 d6 9. O-O Bd7 10. f3 Ne5 11. Qd2 Ne8 12. Rac1 f5 13. exf5 gxf5 14. Nd5 Nf7
15. Bd3 e6 16. Nc3 f4 17. Bf2 Ng5 18. Bb1 e5 19. Ndb5 Rf6 20. Nd5 Rh6 21. Nbc3
Kh8 22. Rfd1 Bf8 23. Qe1 Ng7 24. Rd2 Bh3 25. Qe2 Qc8 26. gxh3 Qxh3 27. Be4 Rg6
28. Bxg6 Nxf3+ 29. Qxf3 Qxf3 30. Be4 Qh5 31. Kh1 Nf5 32. Nf6 Qg5 33. Ncd5 Bg7
34. Rg1 Ng3+ 35. hxg3 Qh6+ 36. Kg2 Bxf6 37. Rh1 f3+ 38. Kxf3 Qxh1+ 0-1

[Event "C.to Europeo U18 femminile"]
[Site "Herceg Novi SCG"]
[Date "2005.09.21"]
[Round "7"]
[White "Panella, Fiammetta"]
[Black "Topel, Zehra"]
[Result "1/2-1/2"]
[WhiteElo "1922"]
[BlackElo "2081"]
[PlyCount "51"]
[EventDate "2005.09.14"]

1. e4 c6 2. d3 d5 3. Nd2 g6 4. f4 Bg7 5. Ngf3 Qb6 6. Nb3 dxe4 7. dxe4 Qb4+ 8.
Nfd2 Nf6 9. c3 Qb6 10. Nc4 Qc7 11. Bd3 b5 12. Ne5 Nfd7 13. Nxd7 Nxd7 14. O-O a6
15. Qe2 O-O 16. Be3 c5 17. Bc2 Bb7 18. Qf2 Rac8 19. Qh4 e6 20. f5 Qd8 21. Qh3
Qe7 22. Rae1 Be5 23. Qh6 Bg7 24. Qh3 Be5 25. Qh6 Bg7 26. Qh3 1/2-1/2

[Event "C.to Europeo U18 femminile"]
[Site "Herceg Novi SCG"]
[Date "2005.09.22"]
[Round "8"]
[White "Savtchenko, Viktoria"]
[Black "Panella, Fiammetta"]
[Result "1-0"]
[WhiteElo "2202"]
[BlackElo "1922"]
[PlyCount "67"]
[EventDate "2005.09.14"]

1. e4 c5 2. Nc3 e6 3. Nge2 a6 4. g3 Nc6 5. Bg2 Nf6 6. O-O Be7 7. d4 cxd4 8.
Nxd4 Qc7 9. a4 O-O 10. Kh1 d6 11. f4 Bd7 12. Be3 Rac8 13. Nxc6 bxc6 14. g4 Ne8
15. f5 Rb8 16. g5 e5 17. Rb1 Rb4 18. Qe2 Qc8 19. b3 Bd8 20. Rf2 Ba5 21. Rg1 Rb8
22. Qd3 Nc7 23. Ne2 d5 24. Bc5 Rd8 25. g6 hxg6 26. fxg6 Be6 27. gxf7+ Bxf7 28.
Rgf1 Be6 29. Rf8+ Rxf8 30. Rxf8+ Qxf8 31. Bxf8 Kxf8 32. Qg3 Re8 33. Qxe5 dxe4
34. Qxa5 1-0

[Event "C.to Europeo U18 femminile"]
[Site "Herceg Novi SCG"]
[Date "2005.09.23"]
[Round "9"]
[White "Zakar, Dora"]
[Black "Panella, Fiammetta"]
[Result "1-0"]
[WhiteElo "2006"]
[BlackElo "1922"]
[PlyCount "51"]
[EventDate "2005.09.14"]

1. e4 c5 2. Nf3 e6 3. d4 cxd4 4. Nxd4 a6 5. Bd3 Nf6 6. O-O Qc7 7. Qe2 d6 8. f4
Nbd7 9. Kh1 Be7 10. Nc3 b5 11. Bd2 Bb7 12. Rae1 Nc5 13. e5 dxe5 14. fxe5 Nd5
15. Qh5 g6 16. Qh6 Bf8 17. Nxd5 Bxd5 18. Qf4 Qb7 19. Re2 Bg7 20. Bb4 Rc8 21.
Bxb5+ axb5 22. Nxb5 Qxb5 23. Qxf7+ Kd8 24. Qxg7 Qxe2 25. Ba5+ Ke8 26. Qf7# 1-0

[Event "C.to Europeo U18"]
[Site "Herceg Novi SCG"]
[Date "2005.09.14"]
[Round "1"]
[White "Valeanu, Eduard-Andrei"]
[Black "Fossati, Remigio"]
[Result "1-0"]
[WhiteElo "2398"]
[BlackElo "2133"]
[PlyCount "107"]
[EventDate "2005.09.14"]

1. e4 c5 2. Nf3 Nc6 3. Bb5 d6 4. O-O Bd7 5. Re1 Nf6 6. c3 a6 7. Bf1 Bg4 8. d3
e6 9. Nbd2 Be7 10. h3 Bh5 11. g4 Bg6 12. Nh4 Nd7 13. Ng2 f6 14. Nf3 Bf7 15. d4
cxd4 16. cxd4 Nb6 17. Nf4 g5 18. Nxe6 Bxe6 19. d5 Bd7 20. dxc6 bxc6 21. Nd4 a5
22. Be3 d5 23. Nxc6 Bxc6 24. Bxb6 Qxb6 25. exd5 Rd8 26. Qe2 O-O 27. Qe6+ Kh8
28. Qxe7 Bxd5 29. b3 Rf7 30. Qe3 Qb8 31. Rad1 Rfd7 32. Rd4 Bf7 33. Rxd7 Rxd7
34. Qc5 Qd8 35. Bc4 Bxc4 36. Qxc4 Rd1 37. Rxd1 Qxd1+ 38. Kg2 Qd7 39. a3 Qb7+
40. Kg1 Kg7 41. Qc3 Qd5 42. b4 axb4 43. axb4 Qe4 44. Qc7+ Kg6 45. Qc5 Qe1+ 46.
Kh2 Qd2 47. b5 Kh6 48. b6 Qf4+ 49. Kg1 Qf3 50. Qf5 Qd1+ 51. Kg2 Kg7 52. b7 Qb3
53. Qe4 Qb6 54. Qe7+ 1-0

[Event "C.to Europeo U18"]
[Site "Herceg Novi SCG"]
[Date "2005.09.18"]
[Round "5"]
[White "Fossati, Remigio"]
[Black "Miron, Lucian-Costin"]
[Result "1/2-1/2"]
[WhiteElo "2133"]
[BlackElo "2275"]
[PlyCount "53"]
[EventDate "2005.09.14"]

1. e4 c5 2. c3 Nf6 3. e5 Nd5 4. Nf3 Nc6 5. d4 cxd4 6. cxd4 d6 7. Bc4 Nb6 8. Bb5
dxe5 9. Nxe5 Bd7 10. Nxd7 Qxd7 11. O-O a6 12. Bxc6 Qxc6 13. Nc3 e6 14. Re1 Rd8
15. Bg5 f6 16. Qh5+ Ke7 17. Be3 g6 18. Qh3 Kf7 19. Rac1 Bb4 20. f3 Bxc3 21.
bxc3 Nc4 22. Rc2 Rd5 23. Rce2 h5 24. Bc1 Re8 25. g4 Nd6 26. Bd2 Nb5 27. Rg2
1/2-1/2

[Event "C.to Europeo U18"]
[Site "Herceg Novi SCG"]
[Date "2005.09.20"]
[Round "6"]
[White "Khaiminov, Alexandr"]
[Black "Fossati, Remigio"]
[Result "1-0"]
[WhiteElo "2224"]
[BlackElo "2133"]
[PlyCount "99"]
[EventDate "2005.09.14"]

1. e4 c5 2. Nf3 Nc6 3. Bb5 d6 4. O-O Bd7 5. Re1 Nf6 6. c3 a6 7. Bf1 Bg4 8. d4
cxd4 9. cxd4 d5 10. e5 Nd7 11. h3 Bxf3 12. Qxf3 Nxd4 13. Qd3 Nc6 14. Qxd5 e6
15. Qb3 Qc7 16. f4 Qb6+ 17. Qxb6 Nxb6 18. Nc3 Nb4 19. Rd1 Be7 20. a3 N4d5 21.
Nxd5 Nxd5 22. Bd3 O-O-O 23. Kf2 Rd7 24. Ke2 Rhd8 25. g3 h5 26. h4 Bc5 27. Bd2
Bb6 28. b4 Ne7 29. Be4 Nf5 30. Be1 Rxd1 31. Rxd1 Rxd1 32. Kxd1 Ne3+ 33. Ke2 Ng4
34. Bf3 g6 35. a4 Kc7 36. Bc3 Bg1 37. Kf1 Be3 38. Be2 Kc6 39. b5+ axb5 40.
Bxb5+ Kc7 41. Bb4 Bd4 42. Ke2 Bg1 43. Be7 Bf2 44. Kf3 Be1 45. Bg5 Nh2+ 46. Kg2
Ng4 47. Be8 Ne3+ 48. Kh3 Nf5 49. Bxf7 Bxg3 50. Bxg6 1-0

[Event "C.to Europeo U18"]
[Site "Herceg Novi SCG"]
[Date "2005.09.22"]
[Round "8"]
[White "Abdulov, Orkhan Javanshir Oglu"]
[Black "Fossati, Remigio"]
[Result "1-0"]
[WhiteElo "2322"]
[BlackElo "2133"]
[PlyCount "61"]
[EventDate "2005.09.14"]

1. e4 c5 2. Nf3 Nc6 3. Nc3 a6 4. d4 cxd4 5. Nxd4 Qc7 6. Be3 e6 7. Be2 Nf6 8.
O-O Be7 9. Kh1 d6 10. f4 O-O 11. Qe1 Bd7 12. Qg3 b5 13. a3 Nxd4 14. Bxd4 Bc6
15. Rae1 Qb7 16. Bd3 Rad8 17. Re3 g6 18. Qh3 a5 19. b4 axb4 20. axb4 Rfe8 21.
Rg3 Qb8 22. e5 dxe5 23. Bxe5 Qb7 24. Qh4 Kg7 25. f5 Rf8 26. fxe6 fxe6 27. Ne4
Bxe4 28. Bxe4 Qd7 29. Rgf3 Kg8 30. Bxf6 Rxf6 31. Rxf6 1-0

[Event "C.to Europeo U18"]
[Site "Herceg Novi SCG"]
[Date "2005.09.23"]
[Round "9"]
[White "Fossati, Remigio"]
[Black "Fruebing, Stefan"]
[Result "1/2-1/2"]
[WhiteElo "2133"]
[BlackElo "2280"]
[PlyCount "119"]
[EventDate "2005.09.14"]

1. e4 c5 2. c3 Nf6 3. e5 Nd5 4. Nf3 Nc6 5. d4 cxd4 6. cxd4 d6 7. Bc4 Nb6 8. Bb5
dxe5 9. Nxe5 Bd7 10. Nxd7 Qxd7 11. O-O e6 12. Nc3 Be7 13. Qg4 Bf6 14. Rd1 a6
15. Bxc6 bxc6 16. Bg5 Bxg5 17. Qxg5 O-O 18. Rac1 Nd5 19. Ne4 h6 20. Qd2 a5 21.
Nc5 Qd6 22. Na4 Rfb8 23. Rc5 Rb4 24. b3 Nf4 25. Rc4 Rd8 26. Nc5 Rxc4 27. bxc4
Qxd4 28. Qxd4 Rxd4 29. Rxd4 Ne2+ 30. Kf1 Nxd4 31. a4 Kf8 32. Ke1 Ke7 33. Kd2
Kd6 34. Nb7+ Kc7 35. Nc5 Kd6 36. Nb7+ Kc7 37. Nc5 e5 38. Kd3 Kd6 39. Nb7+ Kc7
40. Nc5 Nf5 41. Ke4 Nd6+ 42. Kxe5 Nxc4+ 43. Kd4 Nb6 44. Nb3 Kd6 45. Nc5 Kc7 46.
Na6+ Kd6 47. Nc5 h5 48. h4 Ke7 49. g3 Kf6 50. Nb7 Nxa4 51. Nxa5 c5+ 52. Kd5 Kf5
53. Nc4 Kg4 54. Ne5+ Kh3 55. Nxf7 Kg2 56. Ng5 Kxf2 57. Ne6 Kxg3 58. Nxg7 Kxh4
59. Kc4 Kg4 60. Nxh5 1/2-1/2

[Event "C.to Europeo U16 femminile"]
[Site "Herceg Novi SCG"]
[Date "2005.09.21"]
[Round "7"]
[White "Chierici, Marianna"]
[Black "Sirisena, Chantal N."]
[Result "0-1"]
[WhiteElo "1700"]
[BlackElo "1943"]
[PlyCount "50"]
[EventDate "2005.09.14"]

1. e4 c5 2. c3 Nf6 3. e5 Nd5 4. d4 cxd4 5. Nf3 Nc6 6. Bc4 Nb6 7. Bb3 d5 8. cxd4
Bg4 9. Qd3 Rc8 10. Bd2 Qd7 11. Bc2 e6 12. a3 Bf5 13. Qb3 Bxc2 14. Qxc2 Nxd4 15.
Nxd4 Rxc2 16. Nxc2 Nc4 17. Bc3 Qc7 18. f4 Nxb2 19. O-O Bc5+ 20. Kh1 Nd3 21. h3
Nf2+ 22. Kh2 Ne4 23. Bd4 Bxd4 24. Nxd4 Qb6 25. Rd1 Qb2 0-1

[Event "C.to Europeo U16 femminile"]
[Site "Herceg Novi SCG"]
[Date "2005.09.23"]
[Round "9"]
[White "Sambolec, Andreja"]
[Black "Chierici, Marianna"]
[Result "1/2-1/2"]
[WhiteElo "1947"]
[BlackElo "1700"]
[PlyCount "68"]
[EventDate "2005.09.14"]

1. e4 d6 2. d4 Nf6 3. f3 e5 4. dxe5 dxe5 5. Qxd8+ Kxd8 6. Bc4 Be6 7. Bxe6 fxe6
8. Nc3 Bd6 9. Be3 Nc6 10. O-O-O Ke7 11. Nge2 Rhf8 12. Rd2 a6 13. Rhd1 Rad8 14.
Kb1 h6 15. Na4 Nd7 16. c4 b6 17. b3 Bb4 18. Rd3 Nf6 19. Kb2 Rxd3 20. Rxd3 Rd8
21. Rxd8 Kxd8 22. a3 Be7 23. b4 Kc8 24. Nc1 Nh5 25. Nd3 Bf6 26. b5 axb5 27.
cxb5 Nd4 28. Bxd4 exd4 29. g4 Nf4 30. Nxf4 d3+ 31. Kc1 Bg5 32. Kd2 Bxf4+ 33.
Kxd3 Bxh2 34. Nc3 Kd7 1/2-1/2

[Event "C.to Europeo U16"]
[Site "Herceg Novi SCG"]
[Date "2005.09.14"]
[Round "1"]
[White "Saric, Ivan"]
[Black "Lapenna, Antonio"]
[Result "1-0"]
[WhiteElo "2284"]
[BlackElo "2056"]
[PlyCount "55"]
[EventDate "2005.09.14"]

1. e4 c5 2. Nf3 d6 3. d4 cxd4 4. Nxd4 Nf6 5. Nc3 g6 6. Be3 Bg7 7. f3 Nc6 8. Qd2
O-O 9. Bc4 Bd7 10. h4 Rc8 11. Bb3 Ne5 12. O-O-O h5 13. Bg5 Nc4 14. Qd3 Ne5 15.
Qe2 Rc5 16. g4 hxg4 17. f4 Nf3 18. Bxf6 Bxf6 19. Nxf3 gxf3 20. Qxf3 Qc8 21.
Rdg1 Kg7 22. h5 Rh8 23. Nd5 a5 24. hxg6 fxg6 25. Nb6 Rxh1 26. Qxh1 Qc6 27. Nxd7
Qxd7 28. f5 1-0

[Event "C.to Europeo U14 femminile"]
[Site "Herceg Novi SCG"]
[Date "2005.09.14"]
[Round "1"]
[White "Casolino, Anna Maria"]
[Black "Girya, Olga"]
[Result "0-1"]
[WhiteElo "1467"]
[BlackElo "2110"]
[PlyCount "70"]
[EventDate "2005.09.14"]

1. e4 c5 2. Nc3 Nc6 3. Nf3 e6 4. Bb5 d6 5. d3 Nf6 6. Be3 Be7 7. O-O O-O 8. Bxc6
bxc6 9. Qe2 Rb8 10. b3 e5 11. h3 Ne8 12. Rad1 Nc7 13. Na4 f5 14. exf5 Bxf5 15.
c3 Ne6 16. d4 cxd4 17. cxd4 e4 18. Nh2 d5 19. Rc1 Qd7 20. Ng4 Bd6 21. Qa6 Bxg4
22. hxg4 Rbc8 23. Rc2 Nf4 24. f3 Nd3 25. Nc3 Nb4 26. Qe2 Nxc2 27. Qxc2 exf3 28.
gxf3 Qe7 29. Bf2 Rxf3 30. Nxd5 Qg5 31. Qe4 Qxd5 32. Qxd5+ cxd5 33. Kg2 Rcf8 34.
Re1 Rxf2+ 35. Kh3 Rh2# 0-1

[Event "C.to Europeo U14 femminile"]
[Site "Herceg Novi SCG"]
[Date "2005.09.14"]
[Round "1"]
[White "Reginato, Sabrina"]
[Black "Bryla, Lidia"]
[Result "0-1"]
[WhiteElo "1670"]
[BlackElo "1950"]
[PlyCount "52"]
[EventDate "2005.09.14"]

1. e4 c5 2. Nf3 d6 3. d4 cxd4 4. Nxd4 Nf6 5. Nc3 g6 6. Be2 Bg7 7. Be3 Nc6 8. f4
O-O 9. Bf3 Qb6 10. Na4 Qa5+ 11. Nc3 Bd7 12. O-O Rac8 13. Qe1 Bg4 14. Rd1 Bxf3
15. Rxf3 Ng4 16. Nxc6 bxc6 17. Qh4 Nxe3 18. Rxe3 Qb6 19. Qf2 Bd4 20. Rxd4 Qxd4
21. f5 Rb8 22. b3 d5 23. Qg3 Qc5 24. Ne2 dxe4 25. fxg6 fxg6 26. Nf4 Qf5 0-1

[Event "C.to Europeo U14 femminile"]
[Site "Herceg Novi SCG"]
[Date "2005.09.16"]
[Round "3"]
[White "Reginato, Sabrina"]
[Black "Parmar, Amisha"]
[Result "0-1"]
[WhiteElo "1670"]
[BlackElo "1956"]
[PlyCount "68"]
[EventDate "2005.09.14"]

1. e4 c5 2. Nf3 d6 3. d4 cxd4 4. Nxd4 Nf6 5. Nc3 g6 6. Be2 Bg7 7. O-O O-O 8.
Bg5 Nc6 9. Nb3 Bd7 10. f4 b5 11. Bf3 b4 12. Ne2 Qb6+ 13. Kh1 Ng4 14. Bxg4 Bxg4
15. Rb1 Qe3 16. Re1 Qxe4 17. Qd2 f6 18. Bh4 Qc4 19. Rbc1 g5 20. fxg5 fxg5 21.
Qxg5 Bxe2 22. c3 h6 23. Qg3 Kh7 24. cxb4 Qf7 25. Qe3 Bb5 26. h3 Ne5 27. Rc2 Qg6
28. Rc7 Bf1 29. Qg1 Bf6 30. Bf2 Bd3 31. Rxa7 Rxa7 32. Bxa7 Bh4 33. Rc1 Be4 34.
Nd4 Rf2 0-1

[Event "C.to Europeo U14 femminile"]
[Site "Herceg Novi SCG"]
[Date "2005.09.17"]
[Round "4"]
[White "Genzling, Sylvie"]
[Black "Reginato, Sabrina"]
[Result "1-0"]
[WhiteElo "1968"]
[BlackElo "1670"]
[PlyCount "41"]
[EventDate "2005.09.14"]

1. e4 c5 2. Nf3 d6 3. d4 cxd4 4. Nxd4 Nf6 5. Nc3 a6 6. Be2 e6 7. O-O Be7 8. Kh1
b5 9. a3 Bb7 10. f3 O-O 11. Qe1 Re8 12. Qg3 Nbd7 13. Be3 Rc8 14. Rad1 Qc7 15.
Bd3 Ne5 16. f4 Nc4 17. Bc1 Bf8 18. Nf3 Qb6 19. e5 Nd5 20. Bxh7+ Kh8 21. Qh3 1-0

[Event "C.to Europeo U14 femminile"]
[Site "Herceg Novi SCG"]
[Date "2005.09.20"]
[Round "6"]
[White "Reginato, Sabrina"]
[Black "Ozturk, Kubra"]
[Result "0-1"]
[WhiteElo "1670"]
[BlackElo "1979"]
[PlyCount "70"]
[EventDate "2005.09.14"]

1. e4 c6 2. d4 d5 3. e5 Bf5 4. Bd3 Bxd3 5. Qxd3 e6 6. Nf3 Ne7 7. O-O Nc8 8.
Nbd2 Be7 9. c4 O-O 10. h3 Nd7 11. Nh2 dxc4 12. Nxc4 b5 13. Nd2 Nxe5 14. Qe4 Ng6
15. Qxc6 Rb8 16. Nhf3 Nd6 17. Nb3 Rb6 18. Qc2 Nf5 19. Be3 Qd5 20. Rfd1 Rc6 21.
Qd3 Bd6 22. Rac1 Rfc8 23. Qd2 h6 24. Rxc6 Rxc6 25. Rc1 Rc4 26. Kh1 Ngh4 27. Qe2
Nxg2 28. Kxg2 Nh4+ 29. Kf1 Rxc1+ 30. Bxc1 Nxf3 31. Be3 Nxd4 32. Qg4 Qc4+ 33.
Kg2 Nxb3 34. axb3 Qxg4+ 35. hxg4 a5 0-1

[Event "C.to Europeo U14 femminile"]
[Site "Herceg Novi SCG"]
[Date "2005.09.22"]
[Round "8"]
[White "Anusca, Madalina-Maria"]
[Black "Reginato, Sabrina"]
[Result "1-0"]
[WhiteElo "1999"]
[BlackElo "1670"]
[PlyCount "71"]
[EventDate "2005.09.14"]

1. d4 d5 2. Nf3 Nf6 3. c4 e6 4. cxd5 exd5 5. Qc2 Nbd7 6. Bg5 Be7 7. Nc3 O-O 8.
e3 b6 9. Bd3 Bb7 10. h4 Re8 11. O-O-O Rc8 12. Bf4 a6 13. g4 c5 14. Kb1 b5 15.
dxc5 Bxc5 16. g5 Ne4 17. Bxe4 dxe4 18. Ne5 Re7 19. Qb3 Qe8 20. Ng4 Nb6 21. h5
b4 22. h6 Re6 23. g6 fxg6 24. hxg7 Kxg7 25. Bh6+ Kh8 26. Rh3 Rc7 27. Ne2 Bd6
28. a3 bxa3 29. Qxb6 a2+ 30. Ka1 Be5 31. Qb3 Ba8 32. Nxe5 Rxe5 33. Nc3 Qc8 34.
Bf4 Rb7 35. Bxe5+ Rg7 36. Qf7 1-0

[Event "C.to Europeo U14"]
[Site "Herceg Novi SCG"]
[Date "2005.09.14"]
[Round "1"]
[White "Paolinelli, Giacomo"]
[Black "Kharchenko, Boris"]
[Result "0-1"]
[WhiteElo "2042"]
[BlackElo "2370"]
[PlyCount "110"]
[EventDate "2005.09.14"]

1. e4 e5 2. d4 exd4 3. Qxd4 Nc6 4. Qe3 Nf6 5. Nc3 Be7 6. Bc4 O-O 7. Bd2 d6 8.
O-O-O Ng4 9. Qe1 Nge5 10. Be2 f5 11. f4 Ng6 12. exf5 Bxf5 13. g4 Bh4 14. Qf1
Bd7 15. f5 Nge5 16. Qf4 Kh8 17. Nf3 Nxf3 18. Bxf3 Bf6 19. Be4 Be5 20. Qe3 Nd4
21. Qh3 Bc6 22. Be3 Ne2+ 23. Nxe2 Bxe4 24. Rhe1 Qf6 25. Bd4 Rae8 26. Bxe5 Qxe5
27. Kb1 Bc6 28. Qh4 Qf6 29. Qg3 Re5 30. Nf4 Rfe8 31. Ne6 Rxe1 32. Rxe1 Qe7 33.
Rc1 Bd5 34. Nf4 Bf7 35. Nd3 Qe3 36. Re1 Qxg3 37. Rxe8+ Bxe8 38. hxg3 Bd7 39.
Nf4 Kg8 40. Nd5 c6 41. Ne3 Kf7 42. Nc4 Ke7 43. Kc1 g6 44. fxg6 hxg6 45. g5 Ke6
46. Ne3 d5 47. c3 Ke5 48. Kd2 Ke4 49. Ke2 a5 50. a3 a4 51. Kf2 c5 52. Ke2 Be6
53. Kf2 d4 54. cxd4 cxd4 55. Nd1 Bb3 0-1